000 00981nam a2200289 i 4500
003 DO-SdBNP
005 20240823102620.0
007 ta
008 240823b2024 dr a|||| |||| 00| 0 spa d
020 _a9789945927634
040 _aDO-SdBNP
_bspa
_cBNPHU
_erda
082 4 _222
100 _aPolanco, Lourdes,
_eautor
_986385
245 1 0 _aPerfil histórico de maestros del noroeste :
_bteas incendiarias de cultura /
_cLourdes Polanco ; edición, Bergson Rosario
264 _aSanto Domingo :
_bCILIYA,
_c2024.
300 _a455 páginas :
_bilustraciones ;
_c23 cm.
336 _2rdacontent
_atexto
_btxt
337 _2rdamedia
_asin mediación
_bn
338 _2rdacarrier
_avolumen
_bnc
490 _aEstudios Sociales
500 _aIncluye datos biográficos del autor en la solapa de la cubierta
504 _aBibliografía : páginas 453-455
590 _aInventariado, 2024/BT
700 _aRosario, Bergson,
_eedición
_91182
910 _aBtavárez
942 _2ddc
_cLBS1
999 _c57538
_d57538